UM Logo

Open access meta-analysis for psychotherapy research/ (Record no. 9644)

MARC details
000 -LEADER
fixed length control field 00596nam a2200157 4500
008 - FIXED-LENGTH DATA ELEMENTS--GENERAL INFORMATION
fixed length control field 180712b ||||| |||| 00| 0 eng d
022 ## - INTERNATIONAL STANDARD SERIAL NUMBER
International Standard Serial Number 0022-0167
082 ## - DEWEY DECIMAL CLASSIFICATION NUMBER
Classification number DPer 361.05 J38 Jan-Apr 2016 v. 63 n.1 -3
100 ## - MAIN ENTRY--PERSONAL NAME
9 (RLIN) 30503
Personal name Baldwin, Scott A.
245 ## - TITLE STATEMENT
Title Open access meta-analysis for psychotherapy research/
Statement of responsibility, etc. Scott A. Baldwin and A.C. Del Re
260 ## - PUBLICATION, DISTRIBUTION, ETC. (IMPRINT)
Place of publication, distribution, etc. Washington, DC:
Name of publisher, distributor, etc. American Psychological Association,
Date of publication, distribution, etc. ©2016.
300 ## - PHYSICAL DESCRIPTION
Extent v63 n3, pages 249-260:
Other physical details illustrations;
Dimensions 27cm.
650 #0 - SUBJECT ADDED ENTRY--TOPICAL TERM
9 (RLIN) 30505
Topical term or geographic name as entry element Psychotherapy
General subdivision Research.
700 ## - ADDED ENTRY--PERSONAL NAME
9 (RLIN) 28622
Personal name Del Re, A. C.
Relator term Author.
942 ## - ADDED ENTRY ELEMENTS (KOHA)
Source of classification or shelving scheme Dewey Decimal Classification
Koha item type Periodicals
Holdings
Withdrawn status Lost status Source of classification or shelving scheme Damaged status Not for loan Home library Current library Date acquired Total Checkouts Full call number Date last seen Price effective from Koha item type Public note
    Dewey Decimal Classification     UM Digos College - LIC UM Digos College - LIC 07/12/2018   DPer 361.05 J38 Jan-Apr 2016 v. 63 n.1 -3 07/12/2018 07/12/2018 Periodicals Periodical article